Gent Biggest Transfers - Statistics

General Stats
  • This quiz has been taken 33 times
  • The average score is 41 of 120
Answer Stats
% Correct
Outgoings Canada ST Jonathan David 20/21 Lille
91%
Incomings Nigeria ST Gift Orban 22/23 Stabaek
83%
Outgoings Nigeria ST Gift Orban 23/24 Lyon
83%
Incomings Ukraine ST Roman Yaremchuk 17/18 Dynamo Kyiv
83%
Outgoings Ukraine ST Roman Yaremchuk 21/22 Benfica
83%
Outgoings Belgium ST Laurent Depoitre 16/17 Porto
78%
Outgoings Belgium RW Malick Fofana 23/24 Lyon
78%
Outgoings Nigeria LW Moses Simon 18/19 Levante
74%
Incomings Belgium CM Sven Kums 20/21 Anderlecht
74%
Incomings Belgium CM Sven Kums 14/15 Zulte Waregem
74%
Outgoings Belgium CM Sven Kums 16/17 Watford
74%
Outgoings Belgium GK Matz Sels 16/17 Newcastle United
70%
Incomings Croatia GK Lovre Kalinic 16/17 Hajduk Split
65%
Outgoings Croatia GK Lovre Kalinic 18/19 Aston Villa
65%
Incomings Cameroon CB Michael Ngadeu 19/20 Slavia Prague
65%
Incomings England LB Archie Brown 23/24 Lausanne-Sport
61%
Incomings Nigeria CB Jordan Torunarigha 22/23 Hertha Berlin
61%
Incomings Kenya CB Joseph Okumu 21/22 Elfsborg
61%
Outgoings Kenya CB Joseph Okumu 23/24 Reims
61%
Incomings Belgium ST Hugo Cuypers 22/23 Mechelen
57%
Incomings Angola LB Nurio Fortuna 20/21 Charleroi
57%
Incomings South Korea CM Hong Hyun-seok 22/23 LASK
52%
Outgoings Morocco LW Ibrahim Salah 22/23 Rennes
52%
Incomings Germany DM Niklas Dorsch 20/21 Heidenheim
52%
Outgoings Germany DM Niklas Dorsch 21/22 Augsburg
52%
Incomings Nigeria RW Samuel Kalu 16/17 Trencin
52%
Outgoings Nigeria RW Samuel Kalu 18/19 Bordeaux
52%
Incomings Japan CB Tsuyoshi Watanabe 23/24 Kortrijk
52%
Outgoings Norway CB Andreas Hanche-Olsen 22/23 Mainz
48%
Incomings Belgium CM Brecht Dejaegere 13/14 Kortrijk
48%
Outgoings Belgium CM Brecht Dejaegere 21/22 Toulouse
48%
Outgoings Costa Rica AM Bryan Ruiz 09/10 Twente
48%
Incomings France CB Samuel Gigot 16/17 Kortrijk
48%
Outgoings France CB Samuel Gigot 18/19 Spartak Moscow
48%
Outgoings Belgium RB Thomas Foket 18/19 Reims
48%
Incomings Belgium GK Thomas Kaminski 18/19 Kortrijk
48%
Incomings Germany ST Tim Kleindienst 20/21 Heidenheim
48%
Outgoings Germany ST Tim Kleindienst 21/22 Heidenheim
48%
Incomings Tunisia CB Dylan Bronn 17/18 Chamois Niort
43%
Outgoings Tunisia CB Dylan Bronn 19/20 Metz
43%
Outgoings Belgium CB Nicolas Lombaerts 07/08 Zenit
43%
Incomings Ukraine AM Roman Bezus 18/19 Sint-Truiden
43%
Incomings Japan AM Yuya Kubo 16/17 Young Boys
43%
Incomings Belgium RM Alessio Castro-Montes 19/20 Eupen
39%
Outgoings Belgium RM Alessio Castro-Montes 23/24 Union Saint-Gilloise
39%
Incomings Denmark AM Andrew Hjulsager 21/22 Oostende
39%
Incomings Ghana DM Elisha Owusu 19/20 Lyon
39%
Incomings Georgia AM Giorgi Chakvetadze 17/18 Dinamo Tbilisi
39%
Incomings Morocco CB Ismael Kandouss 23/24 Union Saint-Gilloise
39%
Outgoings Morocco AM Moubarak Boussoufa 06/07 Anderlecht
39%
Incomings Serbia CB Stefan Mitrovic 16/17 Freiburg
39%
Outgoings Serbia CB Stefan Mitrovic 18/19 Strasbourg
39%
Incomings Belgium CM Vadis Odjidja-Ofoe 18/19 Olympiacos
39%
Incomings Ivory Coast AM Anderson Niangbo 19/20 RB Salzburg
35%
Incomings Japan RW Daisuke Yokota 23/24 Gornik Zabrze
35%
Incomings Ukraine CB Igor Plastun 18/19 Ludogorets Razgrad
35%
Outgoings Ukraine CB Igor Plastun 21/22 Ludogorets Razgrad
35%
Outgoings Mali ST Kalifa Coulibaly 17/18 Nantes
35%
Outgoings United States LW Kenny Saief 18/19 Anderlecht
35%
Incomings Israel CM Omri Gandelman 23/24 Maccabi Netanya
35%
Incomings Ghana RW Osman Bukari 20/21 Trencin
35%
Outgoings Ghana RW Osman Bukari 22/23 Crvena Zvezda
35%
Incomings France RB Arnaud Souquet 18/19 Nice
30%
Outgoings France RB Arnaud Souquet 19/20 Montpellier
30%
Incomings Croatia AM Franko Andrijasevic 17/18 HNK Rijeka
30%
Incomings France ST Jeremy Perbet 16/17 Istanbul Basaksehir
30%
Outgoings France ST Jeremy Perbet 17/18 Club Brugge
30%
Incomings Ivory Coast ST Vakoun Bayo 21/22 Celtic
30%
Outgoings Ivory Coast ST Vakoun Bayo 22/23 Charleroi
30%
Incomings Nigeria DM Anderson Esiti 16/17 Estoril Praia
26%
Outgoings Nigeria DM Anderson Esiti 19/20 PAOK
26%
Incomings Georgia ST Giorgi Kvilitaia 18/19 Rapid Vienna
26%
Outgoings Belgium ST Ilombe Mboyo 13/14 Genk
26%
Incomings Senegal ST Mamadou Sylla 17/18 Eupen
26%
Incomings Belgium LW Dylan Mbayo 19/20 Lokeren
22%
Incomings Central African Republic ST Habib Habibou 13/14 Zulte Waregem
22%
Outgoings Central African Republic ST Habib Habibou 14/15 Rennes
22%
Incomings Denmark ST Nicklas Pedersen 13/14 Mechelen
22%
Incomings Belgium CM Rob Schoofs 15/16 Sint-Truiden
22%
Outgoings Belgium CM Rob Schoofs 17/18 Mechelen
22%
Incomings Norway CB Sigurd Rosted 17/18 Sarpsborg
22%
Outgoings Nigeria CB William Troost-Ekong 17/18 Bursaspor
22%
Outgoings Belgium DM Birger Verstraete 19/20 Koln
17%
Outgoings Senegal ST Mbaye Leye 10/11 Standard Liege
17%
Outgoings Egypt ST Mido 01/02 Ajax
17%
Incomings Nigeria LW Peter Olayinka 15/16 Skenderbeu
17%
Outgoings Nigeria LW Peter Olayinka 18/19 Slavia Prague
17%
Outgoings Serbia GK Bojan Jorgacevic 11/12 Club Brugge
13%
Incomings Sweden CB Erik Berg 15/16 Malmo
13%
Outgoings Sweden CB Erik Berg 15/16 Kobenhavn
13%
Outgoings Bosnia CB Ervin Zukanovic 15/16 Chievo Verona
13%
Incomings Belgium ST Gianni Bruno 21/22 Zulte Waregem
13%
Incomings Israel LW Or Inbrum 17/18 Ashdod
13%
Outgoings Costa Rica DM Randall Azofeifa 10/11 Genclerbirligi
13%
Incomings Israel ST Yonas Malede 20/21 Maccabi Netanya
13%
Incomings DR Congo ST Ali Lukunku 04/05 Galatasaray
9%
Incomings Croatia CB Ante Puljic 13/14 Lokomotiva Zagreb
9%
Outgoings Belgium ST Cedric Roussel 99/00 Coventry City
9%
Incomings Belgium ST David Pollet 14/15 Anderlecht
9%
Outgoings DR Congo RW Dieumerci Ndongala 16/17 Standard Liege
9%
Outgoings Belgium DM Guillaume Gillet 07/08 Anderlecht
9%
Incomings Israel CB Hatem Elhamed 15/16 Ashdod
9%
Outgoings Nigeria CM Ibrahim Rabiu 17/18 Slovan Bratislava
9%
Outgoings Denmark CM Jesper Jorgensen 12/13 Club Brugge
9%
Outgoings Belgium RW Laurent Delorge 98/99 Coventry City
9%
Incomings Israel LB Ofi Davidzada 16/17 Hapoel Beer Sheva
9%
Outgoings Norway ST Ole Martin Arst 00/01 Standard Liege
9%
Incomings Israel ST Shlomi Arbeitman 10/11 Maccabi Haifa
9%
Incomings Belgium AM Stijn De Smet 09/10 Cercle Brugge
9%
Incomings Sweden CM Tesfaldet Tekie 16/17 Norrkoping
9%
Incomings Belgium AM Christian Bruls 11/12 Westerlo
4%
Incomings France CB Damien Marcq 17/18 Charleroi
4%
Outgoings France CB Damien Marcq 17/18 Zulte Waregem
4%
Incomings Norway LW Gustav Wikheim 15/16 Stromsgodset
4%
Outgoings Serbia CB Ivica Dragutinovic 00/01 Standard Liege
4%
Outgoings Venezuela RB Roberto Rosales 10/11 Twente
4%
Incomings France ST Sloan Privat 13/14 Sochaux
4%
Incomings Burundi CB Valery Nahayo 11/12 Kaizer Chiefs
4%
Incomings Slovenia ST Zlatan Ljubijankic 07/08 Domzale
4%
Outgoings Slovenia ST Zlatan Ljubijankic 12/13 Omiya Ardija
4%
No matching quizzes found
Score Distribution
Percent of People with Each Score
Percentile by Number Answered
Your Score History
You have not taken this quiz